Statistics for World Capitals by First Two Letters in 15 Seconds

Click here to take the quiz!

General Stats

  • This quiz has been taken 5,412 times
  • The average score is 34 of 196

Answer Stats

CountryCapital City% Correct
ChinaBeijing
44%
LebanonBeirut
44%
SerbiaBelgrade
44%
BelizeBelmopan
44%
GermanyBerlin
44%
SwitzerlandBern
44%
AlbaniaTirana
42%
GrenadaSaint George's
41%
Antigua and BarbudaSaint John's
41%
KiribatiSouth Tarawa
38%
AndorraAndorra
la Vella
35%
TurkeyAnkara
35%
MadagascarAntananarivo
35%
SpainMadrid
35%
Marshall IslandsMajuro
35%
Equatorial GuineaMalabo
35%
MaldivesMalé
35%
NicaraguaManagua
35%
BahrainManama
35%
PhilippinesManila
35%
MozambiqueMaputo
35%
LesothoMaseru
35%
Federated States of
Micronesia
Palikir
35%
PanamaPanama City
35%
SurinameParamaribo
35%
FranceParis
35%
YemenSana'a
35%
Costa RicaSan José
35%
San MarinoSan Marino
35%
El SalvadorSan Salvador
35%
ChileSantiago
35%
Dominican
Republic
Santo Domingo
35%
São Tomé and PríncipeSão Tomé
35%
Bosnia and
Herzegovina
Sarajevo
35%
BrazilBrasília
33%
SlovakiaBratislava
33%
Republic of the CongoBrazzaville
33%
BarbadosBridgetown
33%
BelgiumBrussels
33%
TogoLomé
33%
United KingdomLondon
33%
South AfricaPretoria, Cape Town
or Bloemfontein
32%
PolandWarsaw
31%
United StatesWashington D.C.
31%
BelarusMinsk
28%
SomaliaMogadishu
28%
MonacoMonaco
28%
LiberiaMonrovia
28%
UruguayMontevideo
28%
ComorosMoroni
28%
RussiaMoscow
28%
BeninPorto-Novo or
Cotonou
28%
IraqBaghdad
27%
AzerbaijanBaku
27%
MaliBamako
27%
BruneiBandar Seri
Begawan
27%
ThailandBangkok
27%
Central African
Republic
Bangui
27%
GambiaBanjul
27%
Saint Kitts and NevisBasseterre
27%
AustriaVienna
27%
BulgariaSofia
26%
RomaniaBucharest
25%
HungaryBudapest
25%
ArgentinaBuenos Aires
25%
BurundiBujumbura
25%
SeychellesVictoria
25%
LaosVientiane
25%
LithuaniaVilnius
25%
BoliviaLa Paz or Sucre
24%
TaiwanTaipei
20%
EstoniaTallinn
20%
UzbekistanTashkent
20%
EgyptCairo
19%
AustraliaCanberra
19%
VenezuelaCaracas
19%
Saint LuciaCastries
19%
AfghanistanKabul
19%
UgandaKampala
19%
NepalKathmandu
19%
GabonLibreville
19%
MalawiLilongwe
19%
PeruLima
19%
PortugalLisbon
19%
ColombiaBogotá
17%
MexicoMexico City
17%
PalauNgerulmud
17%
GuineaConakry
16%
DenmarkCopenhagen
16%
JapanTokyo
16%
IndiaNew Delhi
14%
Czech RepublicPrague
14%
Cape VerdePraia
14%
KosovoPristina
14%
CroatiaZagreb
14%
AlgeriaAlgiers
13%
MontenegroPodgorica
13%
HaitiPort-au-Prince
13%
MauritiusPort Louis
13%
Papua New
Guinea
Port Moresby
13%
Trinidad and TobagoPort-of-Spain
13%
VanuatuPort Vila
13%
ItalyRome
13%
DominicaRoseau
13%
South KoreaSeoul
13%
TurkmenistanAshgabat
11%
EritreaAsmara
11%
KazakhstanAstana
11%
ParaguayAsunción
11%
GreeceAthens
11%
KyrgyzstanBishkek
11%
Guinea-BissauBissau
11%
KenyaNairobi
11%
BahamasNassau
11%
MyanmarNaypyidaw
11%
JordanAmman
10%
NetherlandsAmsterdam
10%
FinlandHelsinki
10%
UkraineKiev
10%
RwandaKigali
10%
JamaicaKingston
10%
Saint Vincent and the
Grenadines
Kingstown
10%
Democratic Republic
of the Congo
Kinshasa
10%
CanadaOttawa
10%
HondurasTegucigalpa
10%
IranTehran
10%
OmanMuscat
9%
NorwayOslo
9%
SingaporeSingapore
9%
SwedenStockholm
9%
TunisiaTunis
9%
United Arab
Emirates
Abu Dhabi
8%
NigeriaAbuja
8%
IrelandDublin
8%
TajikistanDushanbe
8%
IndonesiaJakarta
8%
AngolaLuanda
8%
ZambiaLusaka
8%
LuxembourgLuxembourg
8%
MauritaniaNouakchott
8%
IcelandReykjavík
8%
LatviaRiga
8%
Saudi ArabiaRiyadh
8%
SenegalDakar
7%
SyriaDamascus
7%
VietnamHanoi
7%
ZimbabweHarare
7%
CubaHavana
7%
NigerNiamey
7%
CyprusNicosia
7%
MoroccoRabat
7%
FijiSuva
7%
LiechtensteinVaduz
7%
MaltaValletta
7%
Vatican CityVatican City
7%
EthiopiaAddis Ababa
6%
New ZealandWellington
6%
ArmeniaYerevan
6%
GhanaAccra
5%
BangladeshDhaka
5%
TanzaniaDodoma
5%
QatarDoha
5%
TongaNukuʻalofa
5%
Sri LankaSri
Jayawardenapura
Kotte
5%
BhutanThimphu
5%
East TimorDili
4%
BotswanaGaborone
4%
GuyanaGeorgetown
4%
MalaysiaKuala Lumpur
4%
KuwaitKuwait City
4%
LibyaTripoli
4%
Cote d'IvoireYamoussoukro
4%
CameroonYaoundé
4%
NauruYaren
4%
SamoaApia
3%
GuatemalaGuatemala City
3%
Solomon IslandsHoniara
3%
PakistanIslamabad
3%
IsraelJerusalem
3%
EcuadorQuito
3%
MoldovaChișinău
2%
DjiboutiDjibouti
2%
Sierra LeoneFreetown
2%
South SudanJuba
2%
SudanKhartoum
2%
SloveniaLjubljana
2%
SwazilandMbabane
2%
ChadN'Djamena
2%
Burkina FasoOuagadougou
2%
CambodiaPhnom Penh
2%
North KoreaPyongyang
2%
MacedoniaSkopje
2%
GeorgiaTbilisi
2%
NamibiaWindhoek
2%
TuvaluFunafuti
1%
MongoliaUlaanbaatar
1%

Score Distribution

Percentile by Number Answered

Percent of People with Each Score

Your Score History

You have not taken this quiz